Problemática del capitalismo dependiente.

Guardado en:
Bibliografiske detaljer
Format: Ukendt
Sprog:Spanish
Udgivet: San José, Costa Rica : Editorial de la Universidad de Costa Rica, 1989.
Fag:
Tags: Tilføj Tag
Ingen Tags, Vær først til at tagge denne postø!

MARC

LEADER 000000000a22000000004500
001 010442
020 |a 99798239 
041 0 |a spa 
082 0 4 |a 330.122   |b P962p 
245 0 0 |a Problemática del capitalismo dependiente. 
260 1 |a San José, Costa Rica :   |b Editorial de la Universidad de Costa Rica,   |c 1989. 
300 |a 505 páginas 
650 4 |a CAPITALISMO 
999 |c 16042  |d 16042 
942 |c BK  |h 330.122 P962p  |2 z